| 000 | 01585 a2200253 4500 | ||
|---|---|---|---|
| 003 | OSt | ||
| 005 | 20180116192354.0 | ||
| 008 | 120601t xxu||||| |||| 00| 0 eng d | ||
| 020 | _a2915807825 (hardcover) | ||
| 020 | _a9782915807820 (hardcover) | ||
| 040 | _c0 | ||
| 082 | 0 | 4 | _a778.94 |
| 100 | 1 |
_aMargaine, Sylvain. _93287 |
|
| 245 | 1 | 0 |
_aForbidden places : _bexploring our abandoned heritage / _cSylvain Margaine. |
| 250 | _aFirst ed. | ||
| 260 |
_a France : _bJonglez Publishing, _c2009. |
||
| 300 |
_a254 p. : _bill. ; _c30 cm. |
||
| 520 | _aHead off to explore the filming location of 12 Monkeys, Michael Jackson’s hometown turned ghost town, Berlin’s 1936 Olympic Village, deconsecrated churches, forgotten castles, deserted train stations, prisons and mental asylums, a cemetery of rusted locomotives, abandoned steel factories, phantom metro stations, and more. For 10 years, Sylvain Margaine has traveled the world in search of these forbidden and forgotten places. An exceptional photographic rep | ||
| 650 | 1 | 0 |
_aAbandonment of propert _93288 |
| 650 | 1 | 0 |
_aPhotography, Artistic _93289 |
| 856 |
_3Amazon.com _uhttp://www.amazon.com/exec/obidos/ASIN/2915807825/chopaconlin |
||
| 942 |
_aSADA _cBK _k778.94 MAR 2009 _2ddc |
||
| 999 |
_c353045 _d353045 |
||